[Event "POL-ch Blitz U18 Girls"]
[Site "Bydgoszcz"]
[Date "2023.08.31"]
[Round "8"]
[White "Mataczyna, Aleksandra"]
[Black "Izafatava, Kira"]
[Result "0-1"]
[WhiteElo "1110"]
[BlackElo "1496"]
[PlyCount "38"]
[EventDate "2023.08.28"]
[EventType "swiss"]
[EventRounds "9"]
[EventCountry "POL"]
[SourceTitle "EXT 2024"]
[Source "ChessBase"]
[SourceDate "2023.10.10"]
[SourceVersion "1"]
[SourceVersionDate "2023.10.10"]
[SourceQuality "1"]

1. e4 c5 2. Nf3 e6 3. d3 Nc6 4. g3 d5 5. Nbd2 d4 6. Bg2 e5 7. Nc4 Bd6 8. 0-0 Nge7 9. c3 0-0 10. Re1 b5 11. Nxd6 Qxd6 12. a4 b4 13. cxd4 Nxd4 14. Nxd4 cxd4 15. Bd2 a5 16. Rc1 Ba6 17. Qe2 Ng6 18. h4 Rfc8 19. h5 Nf8 0-1

[Event "POL-ch Rapid U18 Girls"]
[Site "Bydgoszcz"]
[Date "2023.08.30"]
[Round "7"]
[White "Mataczyna, Aleksandra"]
[Black "Koc, Hanna"]
[Result "0-1"]
[WhiteElo "1244"]
[BlackElo "1116"]
[PlyCount "102"]
[EventDate "2023.08.28"]
[EventType "swiss"]
[EventRounds "11"]
[EventCountry "POL"]
[SourceTitle "EXT 2024"]
[Source "ChessBase"]
[SourceDate "2023.10.10"]
[SourceVersion "1"]
[SourceVersionDate "2023.10.10"]
[SourceQuality "1"]

1. e4 d6 2. d4 Nf6 3. Nc3 e5 4. Nf3 Nbd7 5. Be2 Be7 6. 0-0 0-0 7. Be3 c6 8. h3 b5 9. a3 a6 10. b4 Bb7 11. Nh2 c5 12. d5 cxb4 13. axb4 Rc8 14. Ra3 Nb6 15. f4 Nc4 16. Bxc4 Rxc4 17. Qf3 h6 18. fxe5 dxe5 19. Qg3 Rxc3 20. Rxc3 Nxe4 21. Qxe5 Nxc3 22. Qxc3 Qxd5 23. Nf3 Bf6 24. Qc7 Rc8 25. Qg3 Kh8 26. Qf2 Rd8 27. Nh2 Bh4 28. Qe2 f6 29. Ng4 f5 30. Nh2 Re8 31. Nf3 Bg3 32. Nd4 f4 33. Qf3 Qxf3 34. Nxf3 Rxe3 35. Nd4 Re1 36. Rxe1 Bxe1 37. Kf1 Bxb4 38. Ne6 Bd6 39. Nd8 Bd5 40. Ke2 Kg8 41. Kd3 Bxg2 42. Ne6 Bxh3 43. Nd4 Bc5 44. Nb3 Bb6 45. Ke4 Bc7 46. Nc5 a5 47. Nb3 a4 48. Nd4 b4 49. Kd3 a3 50. Nb3 a2 51. Kc4 Be6+ 0-1

[Event "POL-ch Rapid U18 Girls"]
[Site "Bydgoszcz"]
[Date "2023.08.30"]
[Round "9"]
[White "Mataczyna, Aleksandra"]
[Black "Poloczek, Maja"]
[Result "1-0"]
[WhiteElo "1244"]
[BlackElo "1038"]
[PlyCount "45"]
[EventDate "2023.08.28"]
[EventType "swiss"]
[EventRounds "11"]
[EventCountry "POL"]
[SourceTitle "EXT 2024"]
[Source "ChessBase"]
[SourceDate "2023.10.10"]
[SourceVersion "1"]
[SourceVersionDate "2023.10.10"]
[SourceQuality "1"]

1. e4 e5 2. Nf3 Nc6 3. Bb5 a6 4. Ba4 Nf6 5. 0-0 b5 6. Bb3 Be7 7. Re1 0-0 8. c3 Bb7 9. d4 exd4 10. cxd4 Na5 11. Bc2 Re8 12. Qd3 Bb4 13. Nc3 Bxe4 14. Rxe4 Nxe4 15. Nxe4 Qe7 16. Nf6+ Kf8 17. Nxh7+ Kg8 18. Bg5 f6 19. Bh4 Qe2 20. Nxf6+ gxf6 21. Qh7+ Kf8 22. Qh8+ Ke7 23. Qxf6# 1-0

[Event "POL-ch Rapid U18 Girls"]
[Site "Bydgoszcz"]
[Date "2023.08.30"]
[Round "10"]
[White "Tkacz, Katarzyna"]
[Black "Mataczyna, Aleksandra"]
[Result "1/2-1/2"]
[WhiteElo "1085"]
[BlackElo "1244"]
[PlyCount "49"]
[EventDate "2023.08.28"]
[EventType "swiss"]
[EventRounds "11"]
[EventCountry "POL"]
[SourceTitle "EXT 2024"]
[Source "ChessBase"]
[SourceDate "2023.10.10"]
[SourceVersion "1"]
[SourceVersionDate "2023.10.10"]
[SourceQuality "1"]

1. d4 d5 2. Bf4 Nf6 3. e3 Nbd7 4. Nf3 e6 5. c4 Be7 6. Nc3 0-0 7. Qc2 a6 8. cxd5 exd5 9. Bd3 b6 10. h3 c5 11. Qd2 c4 12. Bb1 b5 13. a3 Nb6 14. 0-0 Be6 15. Ne5 Qc8 16. Kh1 Bf5 17. Bxf5 Qxf5 18. Nc6 Qe6 19. Ne5 Bd6 20. Qe2 Nbd7 21. Nxd7 Qxd7 22. Qf3 Rfe8 23. Qg3 Bxf4 24. Qxf4 Ne4 25. Nxe4 1/2-1/2